000 00807nam a2200193Ia 4500
008 151121s9999||||xx |||||||||||||| ||und||
082 _a838/ वाजपे
082 _bHNW-70599
100 _aवाजपेयी अशोक-संपा।
245 _aअज्ञेय का संसार :शब्द और सत्य
260 _b"पुर्वोदय प्रकाशन, नई दिल्ली।"
260 _c--
300 _a178
600 _aवाजपेयी अशोक-संपा।
630 _aअज्ञेय का संसार :शब्द और सत्य
700 _aवाजपेयी अशोक-संपा।
730 _aअज्ञेय का संसार :शब्द और सत्य
942 _cBOOK
999 _c1252073
_d1252070